[Event "Madrid San Viator op-A 28th"]
[Site "Madrid"]
[Date "2017.06.04"]
[Round "9"]
[White "Sanchez Hernandez, Guillermo"]
[Black "Camarero Izquierdo, Juan Carlos"]
[Result "1/2-1/2"]
[WhiteElo "1768"]
[BlackElo "1775"]
[PlyCount "27"]
[EventDate "2017.03.26"]
[EventType "swiss"]
[EventRounds "9"]
[EventCountry "ESP"]
[SourceTitle "EXT 2018"]
[Source "ChessBase"]
[SourceDate "2017.10.13"]
[SourceVersion "1"]
[SourceVersionDate "2017.10.13"]
[SourceQuality "1"]

1. e4 c5 2. Nf3 d6 3. d4 cxd4 4. Nxd4 Nf6 5. Nc3 a6 6. Bg5 e6 7. f4 Nbd7 8. Bc4 Qc7 9. Qe2 Nb6 10. Bb3 Be7 11. 0-0-0 h6 12. Bh4 Nxe4 13. Nxe4 Bxh4 14. Qh5 1/2-1/2

[Event "Madrid San Viator op-A 28th"]
[Site "Madrid"]
[Date "2017.04.23"]
[Round "4"]
[White "Sanchez Hernandez, Guillermo"]
[Black "Arroyo Martinez, Fernando"]
[Result "0-1"]
[WhiteElo "1768"]
[BlackElo "1898"]
[PlyCount "80"]
[EventDate "2017.03.26"]
[EventType "swiss"]
[EventRounds "9"]
[EventCountry "ESP"]
[SourceTitle "EXT 2018"]
[Source "ChessBase"]
[SourceDate "2017.10.13"]
[SourceVersion "1"]
[SourceVersionDate "2017.10.13"]
[SourceQuality "1"]

1. e4 c5 2. Nf3 Nc6 3. d4 cxd4 4. Nxd4 e5 5. Nb5 a6 6. Nd6+ Bxd6 7. Qxd6 Qf6 8. Qd1 Nge7 9. Nc3 Qg6 10. Be3 d5 11. exd5 Nb4 12. Bd3 Nxd3+ 13. Qxd3 Bf5 14. Qd2 Bxc2 15. 0-0 Rd8 16. Bc5 Nc8 17. f4 Qd3 18. Qxd3 Bxd3 19. Rfd1 e4 20. f5 Ne7 21. Nxe4 Bxe4 22. Re1 Rxd5 23. Bxe7 Kxe7 24. Rxe4+ Kf6 25. g4 h5 26. h3 hxg4 27. hxg4 Rd2 28. Rb4 b5 29. a4 Rhh2 30. axb5 axb5 31. Ra6+ Kg5 32. f6 Rhg2+ 33. Kh1 Rge2 34. Rxb5+ Kh4 35. Ra1 g5 36. Rb7 Kh3 37. Kg1 Rg2+ 38. Kh1 Rh2+ 39. Kg1 Rdg2+ 40. Kf1 Rh1# 0-1

[Event "Madrid-ch sf-A"]
[Site "Madrid"]
[Date "2015.03.23"]
[Round "7"]
[White "Ronco Garcia, Jose Luis"]
[Black "Sanchez Hernandez, Guillermo"]
[Result "1-0"]
[WhiteElo "1962"]
[BlackElo "2100"]
[PlyCount "61"]
[EventDate "2015.03.09"]
[EventType "swiss"]
[EventRounds "9"]
[EventCountry "ESP"]
[SourceTitle "CBM 165 Extra"]
[Source "ChessBase"]
[SourceDate "2015.04.21"]
[SourceVersion "1"]
[SourceVersionDate "2015.04.21"]
[SourceQuality "1"]

1. Nf3 Nf6 2. d3 d6 3. g3 g6 4. Bg2 Bg7 5. 0-0 0-0 6. e4 Bg4 7. c3 Qd7 8. Qb3 c6 9. Bg5 Na6 10. Nbd2 e5 11. Rfe1 Be6 12. Qc2 h6 13. Be3 Ng4 14. d4 f5 15. dxe5 dxe5 16. exf5 gxf5 17. Nb3 Nxe3 18. Rxe3 e4 19. Nfd4 Bd5 20. Bh3 c5 21. Ne2 Qe7 22. Nf4 Bc6 23. Ng6 Qg5 24. Nxf8 Rxf8 25. Bg2 h5 26. Rd1 Be5 27. Qe2 Bc7 28. Qc4+ Kg7 29. Nxc5 Nxc5 30. Qxc5 Rf7 31. Rxe4 1-0

[Event "Madrid-ch sf-A"]
[Site "Madrid"]
[Date "2015.03.16"]
[Round "4"]
[White "Jimenez Gonzalez, Marcos"]
[Black "Sanchez Hernandez, Guillermo"]
[Result "1-0"]
[WhiteElo "1851"]
[BlackElo "2100"]
[PlyCount "37"]
[EventDate "2015.03.09"]
[EventType "swiss"]
[EventRounds "9"]
[EventCountry "ESP"]
[SourceTitle "CBM 165 Extra"]
[Source "ChessBase"]
[SourceDate "2015.04.21"]
[SourceVersion "1"]
[SourceVersionDate "2015.04.21"]
[SourceQuality "1"]

1. d4 Nf6 2. c4 g6 3. g3 Bg7 4. Bg2 0-0 5. Nc3 d6 6. Nf3 Nbd7 7. 0-0 e5 8. e4 exd4 9. Nxd4 Nc5 10. f3 Bd7 11. Be3 Re8 12. Qd2 Ne6 13. Rac1 Nxd4 14. Bxd4 Be6 15. b3 c6 16. Rfd1 Qa5 17. Kh1 Rad8 18. Bxf6 Bxf6 19. Nd5 1-0